| 000 | 01030nam a22002417a 4500 | ||
|---|---|---|---|
| 001 | 4035 | ||
| 003 | FISKH | ||
| 005 | 20240531160454.0 | ||
| 008 | 240531b cb ||||| |||| 00| 0 eng d | ||
| 020 | _a9780673611970 | ||
| 040 |
_aFISKH _beng _cFISKH _dFISKH |
||
| 100 |
_aNewell, Robert _eauthor |
||
| 245 |
_aThe Fox and the Crow : An Aesop Fable / _cretold by Robert Newell : illustrated by Manuel King |
||
| 260 |
_aNew York : _bScott Foresman ; _c2000 |
||
| 300 |
_a16 pages : _billustrations ; _c21 cm . |
||
| 505 | _aH | ||
| 520 | _aThis book provides practice in reading the high-frequency words could, have, need, and was. It also provides practice reading words with the short vowel sounds a, i, u and words that begin with two blended consonants, such as cr in crow or bl in black ... Phonics skill: Short a, i u; l, r, and s blends.-Cover p. [3] | ||
| 521 | 8 |
_a430
_bLexile estimate |
|
| 521 | 8 |
_aH
_bRaz-Plus |
|
| 700 |
_aKing, Manuel _eillustrator |
||
| 942 |
_2ddc _cBK _n0 |
||
| 999 |
_c4035 _d4035 |
||